Central Library OPAC University of Rajshahi

Environmental geology / (Record no. 69355)

MARC details
000 -LEADER
fixed length control field 00614nam a2200229 a 4500
001 - CONTROL NUMBER
control field 69355
003 - CONTROL NUMBER IDENTIFIER
rucl marc code BD-RjUL
005 - DATE AND TIME OF LATEST TRANSACTION
control field 20211209081856.0
008 - FIXED-LENGTH DATA ELEMENTS--GENERAL INFORMATION
fixed length control field 170411s1988 ohua 001 0 eng u
020 ## - INTERNATIONAL STANDARD BOOK NUMBER
International Standard Book Number 0675208890
035 ## - SYSTEM CONTROL NUMBER
System control number (BD-RjUL)69566
040 ## - CATALOGING SOURCE
Original cataloging agency BD-RjUL
Language of cataloging eng
Transcribing agency BD-RjUL
041 ## - LANGUAGE CODE
Language code of text/sound track or separate title eng
082 ## - DEWEY DECIMAL CLASSIFICATION NUMBER
Edition number 23
Classification number 550
Author mark and year KEE 1988
100 1# - MAIN ENTRY--PERSONAL NAME
Personal name Keller, Edward A.,
Dates associated with a name 1942-
9 (RLIN) 205473
245 10 - TITLE STATEMENT
Title Environmental geology /
Statement of responsibility, etc. Edward A. Keller
250 ## - EDITION STATEMENT
Edition statement Fifth edition
260 ## - PUBLICATION, DISTRIBUTION, ETC. (IMPRINT)
Place of publication, distribution, etc. Columbus, Ohio :
Name of publisher, distributor, etc. Merrill,
Date of publication, distribution, etc. 1988
300 ## - PHYSICAL DESCRIPTION
Pagination xiii, 540 p. :
Illustrations ill.;
Size 29 cm.
650 #0 - SUBJECT ADDED ENTRY--TOPICAL TERM
Topical term or geographic name as entry element Geology
9 (RLIN) 205474
942 ## - ADDED ENTRY ELEMENTS (KOHA)
Source of classification or shelving scheme Dewey Decimal Classification
Koha item type Books
Holdings
Lost status Source of classification or shelving scheme Damaged status Not for loan Collection code Permanent Location Current Location Shelving location Date acquired Source of acquisition Total Checkouts Full call number Date last seen Copy number Koha item type
  Dewey Decimal Classification   Not For Loan Non-fiction Central Library, University of Rajshahi Central Library, University of Rajshahi Reading Room 09/09/1993 Asia Foundation   550 KEE 1988 11/04/2017 C-1 Books